La mujer de los mil secretos
Gardado en:
| Autor Principal: | |
|---|---|
| Formato: | Libro |
| Idioma: | Lingua castelá |
| Publicado: |
Santiago
Random House Mondadori
2009
|
| Edición: | 3a. ed |
| Subjects: | |
| Tags: |
Engadir etiqueta
Sen Etiquetas, Sexa o primeiro en etiquetar este rexistro!
|
MARC
| LEADER | 00000nam a2200000 a 4500 | ||
|---|---|---|---|
| 001 | UCH3005 | ||
| 003 | CL-VaPUC | ||
| 008 | 090709e20090000CL |||||||||||||||||spa|d | ||
| 020 | |a 9789562583022 | ||
| 082 | 0 | 4 | |a 813 |b WOO |2 21 |
| 100 | 0 | |a Wood, Barbara |e author |9 538112 | |
| 245 | 1 | 3 | |a La mujer de los mil secretos |
| 250 | |a 3a. ed | ||
| 300 | |a 555 p | ||
| 942 | |c BK | ||
| 945 | |d 20090709 00:00:00 |a cmena | ||
| 260 | |a Santiago |b Random House Mondadori |c 2009 | ||
| 500 | |a Barbara Wood nació en el norte de Inglaterra, pero de pequeña emigró con su familia a Estados Unidos. Se educó en California y desempeñó trabajos muy variados ntes de dedicarse a la literatura. Como manifiesta claramente en sus novelas, Barbara es una viajera incansable y entusiasta de culturas exóticas, que investiga a fondo antes de escribir | ||
| 500 | |a Tonina fue un regalo de los dioses: un bebé arropado en una cesta que flotaba sobre un mar que acunaba a la niña al ritmo de las olas. Un verdadero tesoro para sus abuelos adoptivos. Ella destacaba entre los isleños: alta, delgada y rubia, no se parecía nada a sus vecinos. De modo que Tonina creció con el ferviente deseo de averiguar quiénes eran sus padres y su pueblo de origen. Para ello Tonina emprendió un largo y peligroso viaje que le iba a llevar, en primer lugar, a la tierra de los mayas en busca de una flor, la única medicina que podía curar a su abuelo | ||
| 500 | |a Su búsqueda, sin embargo, se convirtió en el inicio de una aventura a través de los bosques de Yucatán, la selva de Guatemala...hasta llegar a la cuna de México. Un viaje durante el que iba a conocer gentes de costumbres extrañas para ella, pero también un amor tan difícil como poderoso, hasta finalmente descubrir el secreto que ocultaban sus raíces | ||
| 650 | 0 | |a Novelas estadounidenses |9 265217 | |
| 650 | 0 | |a Romanticismo |9 266698 | |
| 650 | 0 | |a Costumbres y tradiciones |9 268292 | |
| 650 | 7 | |a CULTURA MAYA |2 CL-VaPUC |9 538113 | |
| 583 | |a last modification |c 20090709 00:00:00 |k Rodrigo Vera | ||
| 999 | |c 334662 |d 334660 | ||
| 952 | |0 0 |1 0 |4 0 |6 813_000000000000000_WOO_2009 |7 0 |8 C |9 423792 |a BIBCUR |b BIBCUR |d 2019-11-22 |i 4568176 |o 813 WOO 2009 |p 4568176 |r 2025-04-22 |w 2019-11-22 |y BK |k CAC | ||